000 00568nam a2200193Ia 4500
005 20260114185710.0
008 008 260114s9999 xx 000 0 eng d
020 _a9781350391512
037 _aEBOOK
040 _aCRL
_beng
_cCRL
041 _aeng
_2eng
084 _qCRL
100 _aRichard MacKenney
_9873300
245 0 _aRenaissances The Cultures of Italy, 1300-1600
260 _bBloomsbury
_c2004
856 _uhttps://doi.org/10.1007/978-1-137-19268-4?locatt=label:secondary_bloomsburyCollections
942 _cEBOOK
999 _c1472248
_d1472248